| 000 | 00940cam a2200301 4500 | ||
|---|---|---|---|
| 001 | 33989 | ||
| 003 | BD-RjUL | ||
| 005 | 20211209052105.0 | ||
| 008 | 140512t1974 caua b 000 0 eng | ||
| 020 |
_a0874842662 _a0874842654 (pbk.) |
||
| 035 | _a(BD-RjUL)34081 | ||
| 040 |
_aDLC _cDLC _dDLC _dBD-RjUL _beng |
||
| 041 | _aeng | ||
| 082 | 0 | 0 |
_a301.31 _bMII 1974 |
| 100 | 1 |
_aMilieus, Human _9103300 |
|
| 245 | 1 | 0 |
_aIssues in social ecology: human milieus / _cEdited by Rudolf H. Moos and Paul M. Insel. |
| 250 | _a[1st ed.] | ||
| 260 |
_aPalo Alto, Calif. : _bNational Press Books, _c1974. |
||
| 300 |
_axi, 616 p. : _bill. ; _c23 cm. |
||
| 504 | _aIncludes bibliographies. | ||
| 650 | 0 |
_aSocial ecology. _946229 |
|
| 650 | 0 |
_aUrban ecology (Sociology) _953912 |
|
| 650 | 0 |
_aHuman beings _xEffect of environment on. _9103301 |
|
| 700 | 1 |
_aMoos, Rudolf H. _9103302 |
|
| 942 |
_2ddc _cBK |
||
| 999 |
_c33989 _d33989 |
||